Normal view
MARC view
- سانتينا، جورج ؛ بدوي، محمد مصطفى ترجمة ؛ محمود، زكي نجيب؛ مراجعة وتقديم؛ عناني،محمد تحرير
Entry Personal Name
001 - CONTROL NUMBER
- control field: 38048
003 - CONTROL NUMBER IDENTIFIER
- control field: JO-AjAnu
005 - DATE AND TIME OF LATEST TRANSACTION
- control field: 20230606080335.0
008 - FIXED-LENGTH DATA ELEMENTS
- fixed length control field: 230606|| aca||aabn | a|a d
040 ## - CATALOGING SOURCE
- Original cataloging agency: JO-AjAnu
- Transcribing agency: JO-AjAnu
100 ## - HEADING--PERSONAL NAME
- Personal name: سانتينا، جورج ؛ بدوي، محمد مصطفى ترجمة ؛ محمود، زكي نجيب؛ مراجعة وتقديم؛ عناني،محمد تحرير
670 ## - SOURCE DATA FOUND
- Source citation: Work cat.: (JO-AjAnu)19521: سانتينا، جورج ؛ بدوي، محمد مصطفى ترجمة ؛ محمود، زكي نجيب؛ مراجعة وتقديم؛ عناني،محمد تحرير, author, الإحساس بالجمال